000 00354nam a2200157Ia 4500
003 OSt
005 20240101111211.0
008 170523s9999 xx 000 0 und d
020 _a9788120321553
040 _cIIMT UNIVERSITY
100 _aKENDALL- KENDALL
245 0 _aSYSTEM ANALYSIS AND DESIGN
260 _bPHI
260 _c2003
942 _2ddc
_c02
999 _c1156
_d1156